Golden Globe Award for Best Television Series – Musical or Comedy - Statistics

General Stats
  • This quiz has been taken 94 times
  • The average score is 17 of 57
Answer Stats
Year TV show % Correct
1990 Cheers
80%
1993 Seinfeld
71%
2011 Modern Family
68%
1994 Frasier
67%
2008 30 Rock
59%
1977 All in the Family
53%
1973 All in the Family
53%
1972 All in the Family
53%
1971 All in the Family
53%
1981 M*A*S*H
53%
2003 The Office
53%
2001 Sex and the City
51%
2000 Sex and the City
51%
1999 Sex and the City
51%
2010 Glee
43%
2009 Glee
43%
1980 Taxi
39%
1979 Taxi
39%
1978 Taxi
39%
1992 Roseanne
38%
1989 Murphy Brown
37%
1984 The Cosby Show
34%
1987 The Golden Girls
32%
1986 The Golden Girls
32%
1985 The Golden Girls
32%
2002 Curb Your Enthusiasm
30%
2005 Desperate Housewives
30%
2004 Desperate Housewives
30%
2014 Transparent
28%
2016 Atlanta
25%
2012 Girls
25%
1998 Ally McBeal
24%
1997 Ally McBeal
24%
1994 Mad About You
24%
1974 Rhoda
22%
1996 3rd Rock from the Sun
19%
2006 Ugly Betty
18%
2013 Brooklyn Nine-Nine
16%
1970 The Carol Burnett Show
16%
2007 Extras
15%
1979 Alice
14%
1988 The Wonder Years
11%
1976 Barney Miller
10%
1975 Barney Miller
10%
2015 Mozart in the Jungle
10%
1995 Cybill
9%
1966 I Spy
6%
1983 Fame
4%
1982 Fame
4%
1991 Brooklyn Bridge
3%
1967 Mission: Impossible
3%
1968 Rowan & Martin's Laugh-In
3%
1962 The Dick Powell Show
3%
1969 The Governor & J.J.
3%
1965 The Man from U.N.C.L.E.
3%
1963 The Richard Boone Show
3%
1964 The Rogues
3%
No matching quizzes found
Score Distribution
Percent of People with Each Score
Percentile by Number Answered
Your Score History
You have not taken this quiz